[Event "Athens Smaok U1900 op 35th"]
[Site "Athens"]
[Date "2016.04.15"]
[Round "6.2"]
[White "Anairousis, Panagiotis"]
[Black "Geroukalis, Athanasios"]
[Result "1-0"]
[WhiteElo "1937"]
[BlackElo "1703"]
[PlyCount "107"]
[EventDate "2016.03.04"]
[EventType "swiss"]
[EventRounds "7"]
[EventCountry "GRE"]
[SourceTitle "EXT 2024"]
[Source "ChessBase"]
[SourceDate "2023.10.10"]
[SourceVersion "1"]
[SourceVersionDate "2023.10.10"]
[SourceQuality "1"]

1. d4 Nf6 2. Bf4 g6 3. e3 Bg7 4. Nf3 d6 5. Be2 0-0 6. h3 b6 7. 0-0 Bb7 8. c4 c5 9. Nc3 e6 10. Qc2 cxd4 11. exd4 a6 12. Rfd1 d5 13. c5 bxc5 14. dxc5 Nc6 15. a3 Nd7 16. Bd6 Re8 17. b4 Qf6 18. Rac1 Bh6 19. Rb1 Bg7 20. Rb3 Bf8 21. Bg3 Nde5 22. Nxe5 Nxe5 23. Na4 Rad8 24. Nb6 Nc6 25. Qd2 d4 26. Bf3 e5 27. Nd5 Qe6 28. b5 axb5 29. Rxb5 Rd7 30. Nb6 e4 31. Nxd7 Qxd7 32. Bg4 f5 33. Qa2+ Kg7 34. Be2 d3 35. Qb2+ Qd4 36. Rxb7+ Kh6 37. Qxd4 Nxd4 38. Bf1 Bxc5 39. Bf4+ g5 40. Be3 f4 41. Bxd4 Bxd4 42. Rd7 Bc5 43. Bxd3 exd3 44. R7xd3 Re2 45. R1d2 Rxd2 46. Rxd2 Bxa3 47. Rd7 Kg6 48. f3 Bb2 49. Kf1 h5 50. Ke2 h4 51. Kd3 Kf5 52. Rd5+ Be5 53. Rb5 Kg6 54. Rxe5 1-0

[Event "Athens Smaok U1900 op 35th"]
[Site "Athens"]
[Date "2016.04.08"]
[Round "5.5"]
[White "Geroukalis, Athanasios"]
[Black "Fotiadis, Kleanthis"]
[Result "1-0"]
[WhiteElo "1703"]
[BlackElo "1545"]
[PlyCount "115"]
[EventDate "2016.03.04"]
[EventType "swiss"]
[EventRounds "7"]
[EventCountry "GRE"]
[SourceTitle "EXT 2024"]
[Source "ChessBase"]
[SourceDate "2023.10.10"]
[SourceVersion "1"]
[SourceVersionDate "2023.10.10"]
[SourceQuality "1"]

1. e4 c5 2. Nc3 Nc6 3. Nf3 d6 4. d4 cxd4 5. Nxd4 g6 6. Be3 Bg7 7. Qd2 Bd7 8. 0-0-0 a6 9. f4 Qc7 10. Nd5 Qd8 11. Nxc6 bxc6 12. Bb6 Rb8 13. Qa5 Bxb2+ 14. Kd2 Rxb6 15. Qxb6 Qxb6 16. Nxb6 Be6 17. Rb1 Bd4 18. Bc4 Nf6 19. Bxe6 fxe6 20. Kd3 e5 21. c3 Bc5 22. Na4 Nd7 23. Rb7 exf4 24. Ke2 Be3 25. g3 e5 26. Rhb1 Rf8 27. g4 g5 28. Rc7 Rf7 29. Kf3 d5 30. Rxc6 dxe4+ 31. Kxe4 Kf8 32. h3 Kg7 33. Rd1 Ba7 34. Rxa6 Bb8 35. Kf3 Nf6 36. Nc5 e4+ 37. Nxe4 Nxe4 38. Kxe4 f3 39. Rf1 f2 40. Ke3 Bg3 41. Ra5 Rc7 42. Rxg5+ Kf6 43. Rf5+ Ke6 44. Kd3 Rd7+ 45. Kc2 Ra7 46. Kb3 Rb7+ 47. Kc4 Rb2 48. a4 Ra2 49. a5 Re2 50. a6 Ra2 51. Kb5 Bh4 52. c4 Bd8 53. R1xf2 Ra5+ 54. Kb4 Rxa6 55. Re2+ Kd6 56. c5+ Kd7 57. Rf7+ Kc8 58. Rxh7 1-0

[Event "Athens Smaok U1900 op 35th"]
[Site "Athens"]
[Date "2016.03.11"]
[Round "2.6"]
[White "Koukouladakis, Eleftherios"]
[Black "Geroukalis, Athanasios"]
[Result "0-1"]
[WhiteElo "1486"]
[BlackElo "1703"]
[PlyCount "60"]
[EventDate "2016.03.04"]
[EventType "swiss"]
[EventRounds "7"]
[EventCountry "GRE"]
[SourceTitle "EXT 2024"]
[Source "ChessBase"]
[SourceDate "2023.10.10"]
[SourceVersion "1"]
[SourceVersionDate "2023.10.10"]
[SourceQuality "1"]

1. d4 d6 2. Bf4 Nf6 3. e3 g6 4. Nf3 Bg7 5. c3 Nh5 6. Bg5 0-0 7. Be2 c6 8. 0-0 Be6 9. Nfd2 h6 10. Bh4 Nf6 11. c4 g5 12. Bg3 Bf5 13. Nc3 d5 14. c5 b6 15. b4 Nbd7 16. Ba6 bxc5 17. dxc5 Nh5 18. Rc1 Nxg3 19. hxg3 Rb8 20. a3 Nxc5 21. bxc5 Qa5 22. Nxd5 cxd5 23. Qf3 e6 24. Qe2 Rb2 25. Rfd1 Bc3 26. Bd3 Bxd3 27. Qxd3 Rxd2 28. Rxd2 Bxd2 29. Rc2 Be1 30. Rc1 Qd2 0-1

[Event "Ambelokipi op 157th"]
[Site "Athens"]
[Date "2016.02.10"]
[Round "5"]
[White "Geroukalis, Athanasios"]
[Black "Skalkotas, Nikolaos"]
[Result "0-1"]
[WhiteElo "1721"]
[BlackElo "2189"]
[PlyCount "88"]
[EventDate "2016.01.13"]
[EventType "swiss"]
[EventRounds "7"]
[EventCountry "GRE"]
[SourceTitle "EXT 2024"]
[Source "ChessBase"]
[SourceDate "2023.10.10"]
[SourceVersion "1"]
[SourceVersionDate "2023.10.10"]
[SourceQuality "1"]

1. e4 c5 2. Nc3 Nc6 3. f4 e6 4. Nf3 a6 5. a4 d5 6. e5 Nh6 7. g3 Nf5 8. d3 Be7 9. Bg2 f6 10. 0-0 fxe5 11. Nxe5 Nxe5 12. fxe5 0-0 13. Bf4 Kh8 14. h4 Bd7 15. Qd2 Be8 16. Bh3 Bf7 17. Kh2 Bg8 18. Ne2 d4 19. Rf3 Ne3 20. Ng1 Nd5 21. Raf1 Qd7 22. b3 b5 23. a5 Qc7 24. h5 Rad8 25. h6 Nxf4 26. hxg7+ Kxg7 27. gxf4 Kh8 28. Rg3 Bf7 29. Nf3 Rg8 30. Rfg1 Rxg3 31. Rxg3 Rg8 32. Rxg8+ Bxg8 33. Qe1 Bf8 34. Ng5 Qe7 35. Ne4 Bf7 36. Ng5 Bg8 37. Qg3 h6 38. Qh4 Bh7 39. Nf3 Qxh4 40. Nxh4 Be7 41. Kg3 c4 42. bxc4 bxc4 43. dxc4 Bxc2 44. Ng6+ Bxg6 0-1

[Event "Ambelokipi op 157th"]
[Site "Athens"]
[Date "2016.01.20"]
[Round "2"]
[White "Loupos, Vasilios"]
[Black "Geroukalis, Athanasios"]
[Result "1/2-1/2"]
[WhiteElo "1928"]
[BlackElo "1721"]
[PlyCount "72"]
[EventDate "2016.01.13"]
[EventType "swiss"]
[EventRounds "7"]
[EventCountry "GRE"]
[SourceTitle "EXT 2024"]
[Source "ChessBase"]
[SourceDate "2023.10.10"]
[SourceVersion "1"]
[SourceVersionDate "2023.10.10"]
[SourceQuality "1"]

1. d4 Nf6 2. c4 g6 3. Nc3 Bg7 4. e4 d6 5. Nge2 0-0 6. Ng3 e5 7. d5 a5 8. h4 h5 9. Bg5 Qe8 10. Nb5 Na6 11. Be2 Ng4 12. f3 Nf6 13. Qd2 b6 14. Bh6 Bd7 15. Bxg7 Kxg7 16. Qg5 Qd8 17. 0-0-0 Rh8 18. Kb1 Ng8 19. Qd2 Bxb5 20. cxb5 Nc5 21. Rdf1 Nf6 22. Qe3 Nfd7 23. b3 Qf6 24. f4 exf4 25. Rxf4 Qe5 26. Rhf1 f6 27. Qd2 Raf8 28. Bd1 Qe7 29. Bc2 Ne5 30. Qd1 Qd7 31. a4 Ng4 32. Qd4 Qe7 33. Rf5 Kg8 34. R5f4 Kg7 35. Rf5 Kg8 36. R5f4 Kg7 1/2-1/2

[Event "Athens ChessSquare Spring op"]
[Site "Athens"]
[Date "2015.05.09"]
[Round "1"]
[White "Papahristoudis, Anastasios"]
[Black "Geroukalis, Athanasios"]
[Result "1-0"]
[WhiteElo "2113"]
[BlackElo "1753"]
[PlyCount "95"]
[EventDate "2015.05.09"]
[EventType "swiss"]
[EventRounds "7"]
[EventCountry "GRE"]
[SourceTitle "EXT 2024"]
[Source "ChessBase"]
[SourceDate "2023.10.10"]
[SourceVersion "1"]
[SourceVersionDate "2023.10.10"]
[SourceQuality "1"]

1. d4 d5 2. c4 e6 3. g3 f5 4. Bg2 Nf6 5. Nf3 c6 6. 0-0 Bd6 7. b3 0-0 8. Ba3 Bxa3 9. Nxa3 Qd6 10. Nc2 Nbd7 11. Nce1 e5 12. dxe5 Nxe5 13. Nxe5 Qxe5 14. cxd5 Nxd5 15. Bxd5+ Qxd5 16. Qxd5+ cxd5 17. e3 d4 18. exd4 f4 19. f3 Bh3 20. Rf2 Rad8 21. Rd2 Rf6 22. Kf2 Be6 23. Rc1 Bd5 24. Rc3 Rh6 25. Kg2 fxg3 26. hxg3 Bc6 27. Re3 Kf8 28. Re5 Rhd6 29. Nc2 Re8 30. Rxe8+ Kxe8 31. Ne3 g6 32. Nc4 Rd5 33. Ne5 Ke7 34. Kf2 Rb5 35. Ke3 Bd5 36. Rh2 Bg8 37. Rc2 Kd8 38. f4 Be6 39. Rh2 Bxb3 40. axb3 Rxb3+ 41. Ke4 h5 42. Nxg6 Rxg3 43. f5 b5 44. Rxh5 b4 45. Rh8+ Kc7 46. f6 b3 47. f7 b2 48. Rh1 1-0

[Event "Athens Smaok op 19th"]
[Site "Athens"]
[Date "2013.01.29"]
[Round "4"]
[White "Geroukalis, Athanasios"]
[Black "Ntountaniotis, Dimitrios"]
[Result "1/2-1/2"]
[WhiteElo "1914"]
[BlackElo "1863"]
[PlyCount "96"]
[EventDate "2013.01.08"]
[EventType "swiss"]
[EventRounds "7"]
[EventCountry "GRE"]
[SourceTitle "EXT 2014"]
[Source "ChessBase"]
[SourceDate "2013.11.20"]
[SourceVersion "1"]
[SourceVersionDate "2013.11.20"]
[SourceQuality "1"]

1. Nc3 c6 2. g3 d5 3. e3 Nf6 4. Bg2 Bf5 5. Nf3 Qc7 6. d4 h6 7. Bd2 Nbd7 8. 0-0 e5 9. dxe5 Nxe5 10. Nxe5 Qxe5 11. e4 dxe4 12. Bf4 Qc5 13. Nxe4 Nxe4 14. Bxe4 Bxe4 15. Re1 Qd5 16. Qe2 0-0-0 17. Qxe4 Qxe4 18. Rxe4 Bc5 19. Rae1 Rd4 20. Rxd4 Bxd4 21. Re7 g5 22. Be3 Bxe3 23. fxe3 Rf8 24. Kf2 Rd8 25. Ke2 Rd7 26. Rxd7 Kxd7 27. g4 Ke6 28. e4 Ke5 29. Ke3 a5 30. c4 a4 31. c5 Kf6 32. Kd4 Ke6 33. b3 axb3 34. axb3 Kf6 35. b4 Ke6 36. e5 f5 37. gxf5+ Kxf5 38. b5 cxb5 39. Kc3 Kxe5 40. Kb4 Kd4 41. Kxb5 Kc3 42. h3 Kd4 43. Kb4 Kd5 44. Kb5 Kd4 45. Kb4 Kd5 46. Kb5 Kd4 47. Kb4 Kd3 48. Kb3 Kd4 1/2-1/2

[Event "Petroupoli ASOP Dias op"]
[Site "Petroupoli"]
[Date "2013.01.23"]
[Round "1.2"]
[White "Geroukalis, Athanasios"]
[Black "Azis Azizis, Ektoras"]
[Result "0-1"]
[WhiteElo "1914"]
[BlackElo "2274"]
[PlyCount "36"]
[EventDate "2013.01.23"]
[EventType "swiss"]
[EventRounds "7"]
[EventCountry "GRE"]
[SourceTitle "EXT 2024"]
[Source "ChessBase"]
[SourceDate "2023.10.10"]
[SourceVersion "1"]
[SourceVersionDate "2023.10.10"]
[SourceQuality "1"]

1. e4 d5 2. exd5 Qxd5 3. d4 Nc6 4. Nf3 Bg4 5. Be2 0-0-0 6. Be3 e5 7. Nxe5 Bxe2 8. Qxe2 Nxe5 9. dxe5 Qxg2 10. Rf1 Qe4 11. Nd2 Qxc2 12. Bxa7 Nh6 13. Rd1 Bb4 14. Be3 Qxb2 15. Bxh6 gxh6 16. f4 Rxd2 17. Rxd2 Rd8 18. Qg4+ Kb8 0-1

[Event "Athens Smaok op 19th"]
[Site "Athens"]
[Date "2013.01.08"]
[Round "1"]
[White "Geroukalis, Athanasios"]
[Black "Kostopoulos, Evaggelos"]
[Result "1/2-1/2"]
[WhiteElo "1914"]
[BlackElo "2144"]
[PlyCount "89"]
[EventDate "2013.01.08"]
[EventType "swiss"]
[EventRounds "7"]
[EventCountry "GRE"]
[SourceTitle "EXT 2014"]
[Source "ChessBase"]
[SourceDate "2013.11.20"]
[SourceVersion "1"]
[SourceVersionDate "2013.11.20"]
[SourceQuality "1"]

1. e4 e6 2. d4 d5 3. exd5 exd5 4. c4 Bb4+ 5. Nc3 Ne7 6. Nf3 0-0 7. c5 b6 8. cxb6 axb6 9. Bd3 Bf5 10. 0-0 c6 11. Re1 Na6 12. Bf4 Bxd3 13. Qxd3 Ng6 14. Bg3 Nc7 15. a3 Bd6 16. Ne5 Bxe5 17. Bxe5 Ne6 18. Re3 b5 19. Rae1 Qd7 20. Qf5 Nxe5 21. Rxe5 Qa7 22. Ne2 Nxd4 23. Nxd4 Qxd4 24. Qd7 Qxb2 25. Qxc6 Qxa3 26. Qxd5 Rab8 27. h4 b4 28. Qd6 Qc3 29. h5 b3 30. R5e3 Qb4 31. Qg3 h6 32. Qe5 b2 33. Rb1 Rfc8 34. Rg3 f6 35. Qxf6 Rc4 36. Kh2 Rb7 37. Qe6+ Kh8 38. Qe8+ Kh7 39. Qg6+ Kg8 40. Qe6+ Rf7 41. Qe8+ Rf8 42. Rxg7+ Kxg7 43. Qg6+ Kh8 44. Qxh6+ Kg8 45. Qg6+ 1/2-1/2

[Event "Athens Smaok-ch"]
[Site "Greece"]
[Date "2012.10.14"]
[Round "5.6"]
[White "Geroukalis, Athanasios"]
[Black "Antoniadis, Konstantinos"]
[Result "1-0"]
[WhiteElo "1899"]
[BlackElo "1800"]
[PlyCount "61"]
[EventDate "2012.09.16"]
[EventType "swiss"]
[EventRounds "7"]
[EventCountry "GRE"]
[SourceTitle "EXT 2024"]
[Source "ChessBase"]
[SourceDate "2023.10.10"]
[SourceVersion "1"]
[SourceVersionDate "2023.10.10"]
[SourceQuality "1"]

1. e4 c5 2. g3 Nc6 3. Bg2 g6 4. f4 Bg7 5. Nf3 e6 6. 0-0 Nge7 7. c3 d5 8. d3 0-0 9. Qe2 a5 10. Na3 b6 11. Nb5 Ba6 12. a4 Rc8 13. e5 Bxb5 14. axb5 Na7 15. c4 Rc7 16. Be3 Rd7 17. Bf2 Nac8 18. g4 dxc4 19. dxc4 Qc7 20. Rad1 Rfd8 21. Ng5 Rxd1 22. Rxd1 Rxd1+ 23. Qxd1 h6 24. Ne4 g5 25. Nf6+ Bxf6 26. exf6 Ng6 27. fxg5 hxg5 28. Bg3 e5 29. Bd5 Nd6 30. Qd3 Qd8 31. Qxg6+ 1-0

[Event "Athens Smaok-ch"]
[Site "Greece"]
[Date "2012.09.16"]
[Round "1.8"]
[White "Akrivos, Apostolos"]
[Black "Geroukalis, Athanasios"]
[Result "0-1"]
[WhiteElo "1370"]
[BlackElo "1899"]
[PlyCount "112"]
[EventDate "2012.09.16"]
[EventType "swiss"]
[EventRounds "7"]
[EventCountry "GRE"]
[SourceTitle "EXT 2024"]
[Source "ChessBase"]
[SourceDate "2023.10.10"]
[SourceVersion "1"]
[SourceVersionDate "2023.10.10"]
[SourceQuality "1"]

1. d4 f5 2. Nf3 Nf6 3. c4 e6 4. Nc3 d5 5. e3 c6 6. Bd3 Bd6 7. 0-0 0-0 8. Rb1 Ne4 9. Ne2 Nd7 10. Qc2 g5 11. Nd2 g4 12. Nf4 Ndf6 13. b4 Nxd2 14. Bxd2 Ne4 15. Be1 Qf6 16. f3 Bxf4 17. exf4 Qxd4+ 18. Kh1 Nf6 19. fxg4 Nxg4 20. Bc3 Qb6 21. Rbe1 Kf7 22. Qb2 Rg8 23. Bd4 Qd8 24. h3 Nf6 25. b5 Bd7 26. a4 dxc4 27. Bxc4 Ne4 28. Rf3 h5 29. Ree3 c5 30. Be5 h4 31. Bd3 Ng3+ 32. Kh2 Qb6 33. Bf6 Rg6 34. Bxh4 Nh5 35. Bc4 Rag8 36. Re2 Qc7 37. Qd2 a6 38. Be1 axb5 39. axb5 b6 40. Qe3 Re8 41. Bc3 Nf6 42. Be5 Qb7 43. Qd3 Ne4 44. Qb3 Bc8 45. Bd3 Rd8 46. Rfe3 Qd5 47. Bc4 Qb7 48. Bd3 Qd5 49. Bc4 Qd1 50. Qb2 Bb7 51. Qa2 Nd2 52. Bxe6+ Rxe6 53. Bc7 Nf1+ 54. Kg1 Nxe3+ 55. Kf2 Qf1+ 56. Kg3 Rg8+ 0-1

[Event "Nikaia op-A 20th"]
[Site "Nikea"]
[Date "2012.08.29"]
[Round "5.16"]
[White "Geroukalis, Athanasios"]
[Black "Kourkoulos Arditis, Stamatis"]
[Result "1/2-1/2"]
[WhiteElo "1899"]
[BlackElo "2109"]
[PlyCount "77"]
[EventDate "2012.08.26"]
[EventType "swiss"]
[EventRounds "9"]
[EventCountry "GRE"]
[SourceTitle "EXT 2024"]
[Source "ChessBase"]
[SourceDate "2023.10.10"]
[SourceVersion "1"]
[SourceVersionDate "2023.10.10"]
[SourceQuality "1"]

1. e4 c5 2. Nf3 e6 3. c4 Nc6 4. Nc3 Nge7 5. d4 Nxd4 6. Nxd4 cxd4 7. Qxd4 Nc6 8. Qe3 b6 9. Be2 Bc5 10. Qg3 Qf6 11. 0-0 0-0 12. Bd3 h6 13. Bf4 Bd4 14. Rae1 Ne5 15. Bxe5 Bxe5 16. f4 Bxc3 17. bxc3 Qxc3 18. e5 f5 19. exf6 Qxf6 20. f5 exf5 21. Bxf5 Qd4+ 22. Kh1 d6 23. Bh7+ Kxh7 24. Rxf8 Bb7 25. Qf2 Qxf2 26. Rxf2 Ba6 27. Rd1 Bxc4 28. Rxd6 b5 29. Rc6 a5 30. a3 Rd8 31. h3 Rd3 32. a4 Bd5 33. Rc5 bxa4 34. Rxa5 a3 35. Kh2 Kg8 36. Ra7 a2 37. Rc2 Rd1 38. Rcxa2 Bxa2 39. Rxa2 1/2-1/2

[Event "Athens op 03-A"]
[Site "Athens"]
[Date "2012.03.27"]
[Round "4"]
[White "Drakopoulos, Anastasios"]
[Black "Geroukalis, Athanasios"]
[Result "1-0"]
[WhiteElo "2130"]
[BlackElo "1923"]
[PlyCount "63"]
[EventDate "2012.03.06"]
[EventType "swiss"]
[EventRounds "7"]
[EventCountry "GRE"]
[SourceTitle "EXT 2014"]
[Source "ChessBase"]
[SourceDate "2013.11.20"]
[SourceVersion "1"]
[SourceVersionDate "2013.11.20"]
[SourceQuality "1"]

1. d4 d5 2. c4 Nf6 3. cxd5 Nxd5 4. Nf3 g6 5. e4 Nb6 6. h3 Bg7 7. Nc3 0-0 8. Be3 c6 9. Be2 Be6 10. b3 f6 11. 0-0 Bf7 12. Qd2 Re8 13. Rfd1 e6 14. Rac1 N8d7 15. a4 a5 16. e5 Nd5 17. Bh6 Bh8 18. Ne4 Qe7 19. Nd6 Reb8 20. Nxf7 Qxf7 21. exf6 Bxf6 22. Re1 Re8 23. Bc4 N7b6 24. Re4 Nxc4 25. bxc4 Ne7 26. g4 Nc8 27. Rf4 Qe7 28. c5 Rd8 29. Qe2 g5 30. Rxf6 Qxf6 31. Bxg5 Qf8 32. Qxe6+ 1-0

[Event "Athens op 03-A"]
[Site "Athens"]
[Date "2012.03.20"]
[Round "3"]
[White "Geroukalis, Athanasios"]
[Black "Papahristoudis, Anastasios"]
[Result "1-0"]
[WhiteElo "1923"]
[BlackElo "2105"]
[PlyCount "89"]
[EventDate "2012.03.06"]
[EventType "swiss"]
[EventRounds "7"]
[EventCountry "GRE"]
[SourceTitle "EXT 2014"]
[Source "ChessBase"]
[SourceDate "2013.11.20"]
[SourceVersion "1"]
[SourceVersionDate "2013.11.20"]
[SourceQuality "1"]

1. e4 Nf6 2. e5 Nd5 3. d4 d6 4. Nf3 dxe5 5. Nxe5 c6 6. Bc4 Nd7 7. 0-0 Nxe5 8. dxe5 g6 9. Nc3 Be6 10. Nxd5 Bxd5 11. Bxd5 Qxd5 12. Qxd5 cxd5 13. Rd1 e6 14. Be3 Bg7 15. f4 g5 16. Rac1 gxf4 17. Bxf4 b5 18. a4 a6 19. axb5 axb5 20. Ra1 Kd7 21. Kf2 Rhc8 22. c3 Ra4 23. Rxa4 bxa4 24. Rd4 Rc4 25. Ke3 Kc6 26. Rxc4+ dxc4 27. Kd4 Kb5 28. g4 Bf8 29. Bc1 Bc5+ 30. Ke4 a3 31. bxa3 Ka4 32. Be3 Bxa3 33. Kd4 Kb3 34. Bg5 Bb2 35. Bd2 Ba3 36. Bg5 Bf8 37. h4 Bg7 38. Be7 Bh8 39. g5 Bg7 40. h5 Kc2 41. h6 Bxe5+ 42. Kxe5 Kxc3 43. Kf6 Kb3 44. Kxf7 c3 45. g6 1-0

[Event "Athens op 03-A"]
[Site "Athens"]
[Date "2012.03.13"]
[Round "2"]
[White "Petraki, Maria"]
[Black "Geroukalis, Athanasios"]
[Result "0-1"]
[WhiteElo "2048"]
[BlackElo "1923"]
[PlyCount "150"]
[EventDate "2012.03.06"]
[EventType "swiss"]
[EventRounds "7"]
[EventCountry "GRE"]
[SourceTitle "EXT 2014"]
[Source "ChessBase"]
[SourceDate "2013.11.20"]
[SourceVersion "1"]
[SourceVersionDate "2013.11.20"]
[SourceQuality "1"]

1. e4 Nf6 2. Nc3 d5 3. exd5 Nxd5 4. Bc4 e6 5. d3 Be7 6. Nge2 0-0 7. 0-0 Nc6 8. Bd2 Nb6 9. Bb3 Na5 10. Ng3 Nxb3 11. axb3 Nd5 12. Qe2 b6 13. f4 Bc5+ 14. Kh1 Bd4 15. Rab1 g6 16. Nce4 c5 17. c3 Bg7 18. Rbe1 Bb7 19. Ng5 Qd7 20. N3e4 Rad8 21. Bc1 h6 22. Nf3 Qc7 23. Ne5 Nf6 24. Nxf6+ Bxf6 25. Qf2 Rd5 26. Qg3 Rfd8 27. Ng4 Bg7 28. Qh4 Qc6 29. Re2 Rxd3 30. Qf2 Rd1 31. Ree1 Rxe1 32. Rxe1 h5 33. Ne5 Qd5 34. c4 Qd4 35. Be3 Qd1 36. h3 Qxb3 37. Kh2 Rd1 38. Re2 Bxe5 39. fxe5 Qd3 40. Bf4 Qd4 41. Be3 Qxe5+ 42. Bf4 Qd4 43. Be3 Qe5+ 44. Bf4 Qf5 45. Rd2 Rxd2 46. Qxd2 Qe4 47. Bg5 Qd4 48. Qe2 Qd6+ 49. Kg1 Kg7 50. Qf2 f5 51. b3 e5 52. h4 Kf7 53. Qg3 Qd1+ 54. Kh2 Qg4 55. Qf2 Ke6 56. Qd2 Qd4 57. Qe2 Be4 58. Qa2 a5 59. Qa4 Qd7 60. Qa2 Bc6 61. Qe2 Qd4 62. Qc2 Qe4 63. Qd2 f4 64. Qf2 a4 65. bxa4 Qxc4 66. Qd2 Qd4 67. Qc2 Qe4 68. Qa2+ c4 69. Bd8 Qxg2+ 70. Qxg2 Bxg2 71. Bxb6 c3 72. Ba5 c2 73. Bd2 Bb7 74. a5 Kf5 75. Kh3 e4 0-1

[Event "Athens op 03-A"]
[Site "Athens"]
[Date "2012.03.06"]
[Round "1"]
[White "Geroukalis, Athanasios"]
[Black "Mitrandzas, Athanasios"]
[Result "0-1"]
[WhiteElo "1923"]
[BlackElo "2086"]
[PlyCount "64"]
[EventDate "2012.03.06"]
[EventType "swiss"]
[EventRounds "7"]
[EventCountry "GRE"]
[SourceTitle "EXT 2014"]
[Source "ChessBase"]
[SourceDate "2013.11.20"]
[SourceVersion "1"]
[SourceVersionDate "2013.11.20"]
[SourceQuality "1"]

1. e4 c5 2. b3 Nf6 3. Nc3 g6 4. Bb2 Bg7 5. d3 0-0 6. Be2 e6 7. f4 Nc6 8. Bf3 Nd4 9. Nce2 Nxf3+ 10. Nxf3 d5 11. Bxf6 Qxf6 12. e5 Qe7 13. 0-0 b6 14. c4 Ba6 15. Nc3 f6 16. cxd5 fxe5 17. fxe5 exd5 18. Nxd5 Qd7 19. Ne3 Bxd3 20. Qd2 Rad8 21. Rad1 Qc7 22. Rf2 Be4 23. Qc3 Rxd1+ 24. Nxd1 Bxf3 25. Rxf3 Rxf3 26. Qxf3 Qxe5 27. g3 Qe1+ 28. Kg2 Bd4 29. h4 h5 30. Kh3 Kg7 31. Kg2 Qd2+ 32. Kh3 Bg1 0-1

[Event "Athens Smaok op 12th"]
[Site "Athens"]
[Date "2011.10.04"]
[Round "4"]
[White "Valden, Petros"]
[Black "Geroukalis, Athanasios"]
[Result "1-0"]
[WhiteElo "2243"]
[BlackElo "1946"]
[PlyCount "43"]
[EventDate "2011.09.13"]
[EventType "swiss"]
[EventRounds "7"]
[EventCountry "GRE"]
[SourceTitle "EXT 2024"]
[Source "ChessBase"]
[SourceDate "2023.10.10"]
[SourceVersion "1"]
[SourceVersionDate "2023.10.10"]
[SourceQuality "1"]

1. e4 c5 2. Nf3 Nc6 3. d4 cxd4 4. Nxd4 Nf6 5. Nc3 d6 6. f3 g6 7. Be3 Bg7 8. Qd2 0-0 9. 0-0-0 Bd7 10. g4 Qb8 11. h4 b5 12. h5 b4 13. Nd5 Nxd5 14. exd5 Nxd4 15. Bxd4 Bxd4 16. Qxd4 Qb6 17. Qd2 Rac8 18. Qh6 Qf2 19. Bd3 Ba4 20. b3 Qd4 21. Kb1 Bd7 22. Bf5 1-0

[Event "Aegean op 34th"]
[Site "Aghios Kirykos"]
[Date "2011.07.10"]
[Round "2"]
[White "Samolins, Vitalijs"]
[Black "Geroukalis, Athanasios"]
[Result "1-0"]
[WhiteElo "2412"]
[BlackElo "1955"]
[PlyCount "51"]
[EventDate "2011.07.09"]
[EventType "swiss"]
[EventRounds "9"]
[EventCountry "GRE"]
[SourceTitle "CBM 143 Extra"]
[Source "ChessBase"]
[SourceDate "2011.08.29"]
[SourceVersion "1"]
[SourceVersionDate "2011.08.29"]
[SourceQuality "1"]

1. e4 c5 2. Nc3 Nc6 3. g3 g6 4. Bg2 Bg7 5. d3 e6 6. f4 Nge7 7. Be3 d6 8. Nf3 0-0 9. 0-0 b6 10. Bf2 Bb7 11. Qd2 d5 12. e5 a6 13. Rae1 Qc7 14. g4 Rae8 15. Bh4 f5 16. exf6 Bxf6 17. Rxe6 Bxc3 18. bxc3 Qxf4 19. Qxf4 Rxf4 20. Rfe1 Kf8 21. Ne5 Bc8 22. Nxc6 Bxe6 23. Bxe7+ Rxe7 24. Nxe7 Kxe7 25. Bxd5 Rf6 26. g5 1-0

[Event "Heraklion op"]
[Site "Heraklion"]
[Date "2011.06.12"]
[Round "2"]
[White "Geroukalis, Athanasios"]
[Black "Gogolis, Alexandros"]
[Result "1/2-1/2"]
[WhiteElo "1964"]
[BlackElo "2268"]
[PlyCount "74"]
[EventDate "2011.06.11"]
[EventType "swiss"]
[EventRounds "9"]
[EventCountry "GRE"]
[SourceTitle "CBM 142 Extra"]
[Source "ChessBase"]
[SourceDate "2011.06.27"]
[SourceVersion "1"]
[SourceVersionDate "2011.06.27"]
[SourceQuality "1"]

1. e4 d5 2. exd5 Qxd5 3. d4 Nc6 4. Nf3 Bg4 5. Be2 0-0-0 6. Be3 Nf6 7. 0-0 Qf5 8. c4 e5 9. d5 e4 10. Nd4 Nxd4 11. Bxd4 Bd6 12. Bxf6 Bxe2 13. Qxe2 gxf6 14. Nc3 Qe5 15. f4 Qd4+ 16. Kh1 f5 17. Nb5 Qc5 18. b4 Qxb4 19. Nxa7+ Kd7 20. Qh5 Ke8 21. Qxf5 Qxc4 22. Rac1 Qa4 23. Nc8 Qd7 24. Qxe4+ Kf8 25. Nxd6 Qxd6 26. Qe5 Rg8 27. Rxc7 Qxd5 28. Qxd5 Rxd5 29. Rxb7 Rg6 30. f5 Rf6 31. g4 h5 32. h3 hxg4 33. hxg4 Rd4 34. Rg1 Rh6+ 35. Kg2 Rxg4+ 36. Kf1 Rf4+ 37. Ke1 Rh2 1/2-1/2

[Event "Athens Smaok 1900+ op 9th"]
[Site "Athens"]
[Date "2011.01.18"]
[Round "1"]
[White "Drakopoulos, Anastasios"]
[Black "Geroukalis, Athanasios"]
[Result "1-0"]
[WhiteElo "2171"]
[BlackElo "1964"]
[PlyCount "53"]
[EventDate "2011.01.18"]
[EventType "swiss"]
[EventRounds "7"]
[EventCountry "GRE"]
[SourceTitle "EXT 2024"]
[Source "ChessBase"]
[SourceDate "2023.10.10"]
[SourceVersion "1"]
[SourceVersionDate "2023.10.10"]
[SourceQuality "1"]

1. d4 d5 2. c4 e6 3. Nf3 c6 4. g3 Bd6 5. Bg2 f5 6. Qc2 Nf6 7. 0-0 0-0 8. Nc3 Ne4 9. Rb1 Nd7 10. b4 b5 11. cxb5 Nxc3 12. Qxc3 cxb5 13. Qc6 Qb6 14. Qxa8 Nb8 15. Ng5 Bb7 16. Qxb7 Qxb7 17. Nxe6 Rc8 18. Bf4 Be7 19. Rbc1 Rxc1 20. Rxc1 Na6 21. Nc7 Nxb4 22. a3 Qb6 23. axb4 Bxb4 24. Bxd5+ Kf8 25. Ne6+ Ke7 26. Rc7+ Kf6 27. Bg5+ 1-0

[Event "Athens Smaok op"]
[Site "Athens"]
[Date "2010.10.09"]
[Round "2.1"]
[White "Geroukalis, Athanasios"]
[Black "Drakopoulos, Anastasios"]
[Result "0-1"]
[WhiteElo "1975"]
[BlackElo "2221"]
[PlyCount "78"]
[EventDate "2010.09.30"]
[EventType "swiss"]
[EventRounds "7"]
[EventCountry "GRE"]
[SourceTitle "EXT 2024"]
[Source "ChessBase"]
[SourceDate "2023.10.10"]
[SourceVersion "1"]
[SourceVersionDate "2023.10.10"]
[SourceQuality "1"]

1. d4 Nf6 2. e3 g6 3. Bd3 Bg7 4. f4 c5 5. c3 Qc7 6. Nf3 d5 7. 0-0 Bf5 8. Ne5 Bxd3 9. Qxd3 0-0 10. Nd2 Nc6 11. b3 cxd4 12. exd4 e6 13. Bb2 Rfd8 14. Rae1 Ne8 15. Qh3 Nd6 16. Ndf3 Re8 17. Re2 Nd8 18. Rfe1 f6 19. Nd3 Ne4 20. Rxe4 dxe4 21. Rxe4 Qa5 22. a4 Qd5 23. Nd2 f5 24. Re3 Nf7 25. Qf3 b6 26. Kf2 Qd7 27. Nc4 b5 28. Nc5 Qc8 29. axb5 e5 30. fxe5 Bxe5 31. Rxe5 Nxe5 32. Qd5+ Nf7 33. Nd6 Qc7 34. Nxe8 Rxe8 35. g3 Qe7 36. Na4 Qe2+ 37. Kg1 Qe1+ 38. Kg2 Re2+ 39. Kh3 Qf1+ 0-1